100 Great wonders of the world / (Record no. 11671)
[ view plain ]
| 000 -LEADER | |
|---|---|
| fixed length control field | 01463cam a2200301 a 4500 |
| 001 - CONTROL NUMBER | |
| control field | 11917494 |
| 005 - DATE AND TIME OF LATEST TRANSACTION | |
| control field | 20010320180038.0 |
| 008 - FIXED-LENGTH DATA ELEMENTS--GENERAL INFORMATION | |
| fixed length control field | 000222s2000 enkab j 001 0 eng |
| 010 ## - LIBRARY OF CONGRESS CONTROL NUMBER | |
| LC control number | 00026065 |
| 020 ## - INTERNATIONAL STANDARD BOOK NUMBER | |
| International Standard Book Number | 0749542284 |
| 040 ## - CATALOGING SOURCE | |
| Original cataloging agency | DLC |
| Transcribing agency | DLC |
| Modifying agency | DLC |
| 042 ## - AUTHENTICATION CODE | |
| Authentication code | lcac |
| 050 00 - LIBRARY OF CONGRESS CALL NUMBER | |
| Classification number | AG243 |
| Item number | .A68 2000 |
| 082 00 - DEWEY DECIMAL CLASSIFICATION NUMBER | |
| Classification number | 031.02 |
| Edition number | 21 |
| Item number | GRE |
| 245 10 - TITLE STATEMENT | |
| Title | 100 Great wonders of the world / |
| 260 ## - PUBLICATION, DISTRIBUTION, ETC. (IMPRINT) | |
| Place of publication, distribution, etc | [Dubai] ; |
| Name of publisher, distributor, etc | AA, |
| Date of publication, distribution, etc | c.2006. |
| 300 ## - PHYSICAL DESCRIPTION | |
| Extent | 240 p. : |
| Other physical details | col. ill., col. maps ; |
| Dimensions | 31 cm. |
| 500 ## - GENERAL NOTE | |
| General note | Includes index. |
| 520 ## - SUMMARY, ETC. | |
| Summary, etc | Describes the Seven Wonders of the World, providing background and related information, and surveying such modern wonders as the Channel Tunnel, Hoover Dam, Versailles, and the bullet train. |
| 650 #0 - SUBJECT ADDED ENTRY--TOPICAL TERM | |
| Topical term or geographic name as entry element | Curiosities and wonders |
| Form subdivision | Juvenile literature. |
| 9 (RLIN) | 5539 |
| 650 #0 - SUBJECT ADDED ENTRY--TOPICAL TERM | |
| Topical term or geographic name as entry element | Seven Wonders of the World |
| Form subdivision | Juvenile literature. |
| 9 (RLIN) | 5540 |
| 650 #1 - SUBJECT ADDED ENTRY--TOPICAL TERM | |
| Topical term or geographic name as entry element | Seven Wonders of the World. |
| 9 (RLIN) | 5541 |
| 650 #1 - SUBJECT ADDED ENTRY--TOPICAL TERM | |
| Topical term or geographic name as entry element | Curiosities and wonders. |
| 9 (RLIN) | 5542 |
| 700 1# - ADDED ENTRY--PERSONAL NAME | |
| Personal name | Bonson, Richard. |
| 9 (RLIN) | 5543 |
| 942 ## - ADDED ENTRY ELEMENTS (KOHA) | |
| Source of classification or shelving scheme | Dewey Decimal Classification |
| Item type | Reference (NB) |
| Withdrawn status | Item status | Source of classification or shelving scheme | Damaged status | Not for loan | Vendor | Home library | Current library | Shelving location | Date acquired | Source of acquisition | Cost, normal purchase price | Serial Enumeration / chronology | Total Checkouts | Full call number | Barcode | Date last seen | Koha item type |
|---|---|---|---|---|---|---|---|---|---|---|---|---|---|---|---|---|---|
| Dewey Decimal Classification | Central Library | Central Library | Lower Floor | 28/05/2009 | 120.00 | 1 | 031.02 GRE | 000016099 | 15/07/2025 | Book - Borrowing |